Historical atlas of Islam (Record no. 786153)

MARC details
000 -LEADER
fixed length control field 00651nam a2200229Ia 4500
003 - CONTROL NUMBER IDENTIFIER
control field OSt
005 - DATE AND TIME OF LATEST TRANSACTION
control field 20220928130334.0
008 - FIXED-LENGTH DATA ELEMENTS--GENERAL INFORMATION
fixed length control field 220927b |||||||| |||| 00| 0 eng d
037 ## - SOURCE OF ACQUISITION
Terms of availability Reference Collections
040 ## - CATALOGING SOURCE
Original cataloging agency SDCL
Transcribing agency SDCL
Language of cataloging eng
041 ## - LANGUAGE CODE
Source of code eng
Language code of text/sound track or separate title eng
100 ## - MAIN ENTRY--PERSONAL NAME
Personal name Kennedy Huge Ed.
9 (RLIN) 473611
245 #0 - TITLE STATEMENT
Title Historical atlas of Islam
Remainder of title Atlas historique de L'Islam
260 ## - PUBLICATION, DISTRIBUTION, ETC.
Place of publication, distribution, etc. Leiden
Name of publisher, distributor, etc. Brill
Date of publication, distribution, etc. 2002
300 ## - PHYSICAL DESCRIPTION
Extent xx,86p.
Dimensions cm.
942 ## - ADDED ENTRY ELEMENTS (KOHA)
Classification part Q7f, P2 RR
Koha item type Reference
Source of classification or shelving scheme Colon Classification (CC)
Holdings
Withdrawn status Lost status Damaged status Not for loan Home library Current library Date acquired Total Checkouts Full call number Barcode Date last seen Price effective from Koha item type
        South Campus Library South Campus Library 2022-09-28   Q7f P2 RR SC1241045 2022-09-28 2022-09-28 Reference
Copyright @ Delhi University Library System